Dos estudios sobre literatura portuguesa contemporánea / (Record no. 108782)

MARC details
000 -LEADER
campo de control de longitud fija 00736nam a2200217 4500
001 - NÚMERO DE CONTROL
campo de control 108782
003 - IDENTIFICADOR DE NÚMERO DE CONTROL
campo de control ES-MaACL
005 - FECHA Y HORA DE LA ÚLTIMA TRANSACCIÓN
campo de control 20230906184716.0
007 - CAMPO FIJO DE DESCRIPCIÓN FÍSICA--INFORMACIÓN GENERAL
campo de control de longitud fija t|
008 - DATOS DE LONGITUD FIJA--INFORMACIÓN GENERAL
campo de control de longitud fija 061121s1978 sp r ||||1| spa d
100 1# - ENTRADA PRINCIPAL--NOMBRE DE PERSONA
Nombre de persona Mourao-Ferreira, David.
9 (RLIN) 83887
245 10 - MENCIÓN DEL TÍTULO
Título Dos estudios sobre literatura portuguesa contemporánea /
Mención de responsabilidad, etc. David Mourao-Ferreira, Vergilio Ferreira; traducción de José Ares Montes.
260 ## - PUBLICACIÓN, DISTRIBUCIÓN, ETC.
Lugar de publicación, distribución, etc. Madrid :
Nombre del editor, distribuidor, etc. Fundación Juan March,
Fecha de publicación, distribución, etc. 1978.
300 ## - DESCRIPCIÓN FÍSICA
Extensión 45 p. ;
Dimensiones 21 cm.
490 1# - MENCIÓN DE SERIE
Mención de serie Serie universitaria ;
Designación de volumen o secuencia 61
700 1# - ENTRADA AGREGADA--NOMBRE PERSONAL
Nombre de persona Ferreira, Vergilio.
9 (RLIN) 50375
700 1# - ENTRADA AGREGADA--NOMBRE PERSONAL
Nombre de persona Ares Montes, José.
9 (RLIN) 22631
830 0# - PUNTO DE ACCESO ADICIONAL DE SERIE-TÍTULO UNIFORME
Título uniforme Serie universitaria ;
Designación de volumen o secuencia 61
9 (RLIN) 180747
852 ## - LOCALIZACIÓN
Ubicación ES-MaACL
Número de control de estantería 2105-F-13
Sublocalización o colección R.98055
Holdings
Estatus retirado Estado de pérdida Estado de daño No para préstamo Colección Biblioteca de origen Biblioteca actual Ubicación en estantería Fecha de adquisición Fuente de adquisición Total de préstamos Signatura topográfica completa Código de barras Visto por última vez Precio de reemplazo Tipo de ítem Koha
        Colección de folletos Biblioteca del Ateneo de Madrid Biblioteca del Ateneo de Madrid Depósito folletos 17/01/2008     2105-F-13 1113508 23/02/2023 23/02/2023 Folleto